000 00312nam a2200145Ia 4500
100 _aCurtin/ P.Dennis.
942 _cRB
366 _f15
654 _aInformation Technology
245 _aInformation technology
260 _bTata McGraw Hill
_aNew Delhi
082 _a4
300 _a300
546 _aENGLISH
999 _c20603
_d20603